000 00290nam a22001337a 4500
008 250709b |||||||| |||| 00| 0 eng d
020 _aNIL
050 _aHF5351
_b.N44
100 _aNEEDHAM, D
245 _aBusiness Studies
260 _aLondon
_bNIL
_c1990
300 _a580P.
942 _cBK
999 _c4248
_d4248